000 00298nam a2200121Ia 4500
008 190216s9999||||xx |||||||||||||| ||und||
100 _aNarayana Reddy P Dr
245 0 _aElements Of Electrical Networks
260 _bKhanna Publishers
_c1981
300 _a576 p
650 _aPhysics
942 _cBK
999 _c32994
_d32994